Is It In Europe? Quiz Stats

 Plays Quiz Updated May 25, 2014

Support Sporcle.
Go Orange.
Score 0/20 Timer 03:00
0 Plays Today
% Correct
Stonehenge
91.3%
Pompeii
88.4%
Temple of Zeus at Olympia
85.7%
Transylvania
85.7%
Danube River
83.3%
Black Forest
83.2%
Rock of Gibraltar
83.1%
Matterhorn
73.6%
Hellenic Republic
72.4%
St. Stephen's Basilica
71.1%
% Correct
Where Napoleon Bonaparte was exiled in 1814
70.6%
Oldest constitutional republic
68.4%
Lapland
66.6%
Jim Morrison's burial site
63.6%
First US Embassy
62.2%
Independent country ruled by two foreign co-princes
61.7%
Hohenschwangau Castle
58.7%
Longest country name without a repeated letter
54.3%
Zealand
49.9%
White Sea
30.2%

You're not logged in!

Compare scores with friends on all Sporcle quizzes.
OR
Log In
Forgot?

From the Vault

Golden State Warriors All-Time Leaders

by Hippo

Sports 6m
The Warriors are the only NBA team to be located in a nickname.
Remove Ads.
Support Sporcle.
Get the best of Sporcle when you Go Orange. This ad-free experience offers more features, more stats, and more fun while also helping to support Sporcle. Thank you for becoming a member.

Show Comments

Extras

Top Quizzes Today


Score Distribution

Your Account Isn't Verified!

In order to create a playlist on Sporcle, you need to verify the email address you used during registration. Go to your Sporcle Settings to finish the process.

Report this User

Report this user for behavior that violates our Community Guidelines.

Details: